Los hermanos Karamazov
Uloženo v:
| Hlavní autor: | |
|---|---|
| Médium: | Kniha |
| Jazyk: | španělština |
| Vydáno: |
Buenos Aires
Sopena Argentina
1944
|
| Vydání: | 2a. ed |
| Edice: | Biblioteca Mundial Sopena
|
| Témata: | |
| Tagy: |
Přidat tag
Žádné tagy, Buďte první, kdo vytvoří štítek k tomuto záznamu!
|
MARC
| LEADER | 00000nam a2200000 a 4500 | ||
|---|---|---|---|
| 001 | UCZ6053 | ||
| 003 | CL-VaPUC | ||
| 008 | 951201e19440000AG |||||||||||||||||spa|d | ||
| 082 | 0 | 4 | |a 891.703 |b DOS |2 21 |
| 100 | |a Dostoievski, Fedor |e author |9 267773 | ||
| 245 | 1 | 4 | |a Los hermanos Karamazov |
| 250 | |a 2a. ed | ||
| 300 | |a v | ||
| 942 | |c BK | ||
| 945 | |d 19951201 00:00:00 |a lriquelm | ||
| 260 | |a Buenos Aires |b Sopena Argentina |c 1944 | ||
| 650 | 0 | |a Novelas rusas |9 316330 | |
| 650 | 0 | |a Literatura rusa |9 318370 | |
| 583 | |a last modification |c 19951201 00:00:00 |k Rodrigo Vera | ||
| 490 | 0 | |a Biblioteca Mundial Sopena | |
| 999 | |c 242312 |d 242310 | ||
| 952 | |0 0 |1 0 |4 0 |6 891_703000000000000_DOS_1944 |7 0 |8 P |9 255154 |a BIBEDU |b BIBEDU |c BIBEDU_PB |d 2019-11-19 |h v.2 |i 1578774 |l 1 |o 891.703 DOS 1944 |p 1578774 |r 2024-01-25 |s 2022-05-16 |w 2019-11-19 |y BK |k FIL | ||